000 00309nam a22001457a 4500
008 221118b ||||| |||| 00| 0 eng d
020 _a9780947795931
041 _aeng
080 _a61
082 _a61GLO
100 _a4
101 _aMJEK
245 _aFERTILITY THE FAMILY
_cGLOVER J
942 _2udc
_cBK
999 _c58947
_d58947